| 000 | 00366nam a22001217a 4500 | ||
|---|---|---|---|
| 999 |
_c143 _d143 |
||
| 005 | 20200811163848.0 | ||
| 008 | 200810b ||||| |||| 00| 0 eng d | ||
| 020 | _a0674689763 | ||
| 040 | _cCML | ||
| 245 |
_aThe Pope, His Banker, and Venice. _cGilbert, F. |
||
| 260 |
_aLondon _bHarvard University Press _c1991 |
||
| 942 |
_2ddc _cBK _e1st Edition _h282 _mGIL |
||